Deutsche Minecraft Youtuber/Streamer 2.0 - Statistiken

Allgemein
  • Dieses Quiz wurde 380 mal gespielt
  • Das Durchschnittsergebnis liegt bei 6 aus 10
Antwortstatistiken
Tipp 1 Tipp 2 Youtuber % Korrekt
Stream Awards Teller Papaplatte
93%
Clash Royale Kaktusfarm Trymacs
77%
Rabauken Doktor DoctorBenx
72%
Garfield Veto NQRMAN
71%
Mittelalter Krokodil Crocodileandy
67%
Ratte Baum Faister
57%
Redstone Klavier TheJoCraft
53%
Shorts Markus TooBad
30%
Coder Client Norisk
26%
Schleim Updates Gamingguidesde
23%
Keine übereinstimmenden Quizze gefunden
Verteilung der Resultate
Anzahl Personen mit jedem Resultat
Perzentil nach korrekt beantworteten Fragen
Ihre Resultats-Entwicklung
Sie haben dieses Quiz noch nicht gespielt